00617nam a2200133Ia 4500008004100000020001800041100003600059245012200095260002700217440002100244650001200265650015700277856004900434171212s9999 xx 000 0 und d a9780833082657 aPerry, Walter L.;Kassing, David cPerry, Walter L.;Kassing, DavidaToppling the TalibanbAir-Ground Operations in Afghanistan, October 2001–June 2002 bRAND Corporationc2015 aResearch Reports aHistory aOperation Enduring Freedom, 2001-; Afghan War, 2001 -- Campaigns; Afghan War, 2001 -- Aerial operations, American; Postwar reconstruction -- Afghanistan uhttp://jstor.org/stable/10.7249/j.ctt19jcgqv